000 00805nam a2200289 b 4500
001 02012
003 DO-SdBPM
005 20250704133630.0
007 ta
008 171214b 2005 sp | |||| 00| 0 spa d
020 _a8420467448
040 _aDO-SdBPM
_bspa
_cBPMSU
_erda
080 0 _a
082 4 _a863.6
_bM379a 2005
_222
100 1 _aMartín, Luisgé
_d1962-
_eautor
245 1 4 _aLos amores confiados /
_cLuisgé Martín
250 _a2a. ed.
260 _aMadrid :
_bAlfaguara,
_c2005
300 _a298 páginas ;
_c26 cm.
336 _atexto
_btxt
_2rdacontent
337 _asin mediación
_bnc
_2rdamedia
338 _avolumen
_bnc
_2rdacarrie
590 _aInventariado, 2025/VM
650 7 _aNovela española
910 _aVMateo V. Control de calidad. BPMSU
942 _2ddc
_cBK
999 _c10563
_d10563